Leader xxxxxxxxxx
001 __ PCLIS00041579
005 __ 20030624204055.0
008 __ chi
010 0_ |a957-683-054-0|b平裝|d新臺幣140元
090 __ |a(nbi)b1068430x
100 __ |a19930114d1992 y0chib09 e
101 0_ |achi
102 __ |acw
105 __ |ay z 000cy
200 1_ |a溫柔的魅力|e|f葉于模著
205 __ |a初版
210 __ |a臺北市|c業強|d1992[ 民81 ]
215 0_ |a6,229面|c|d21公分
225 1_ |a業強新{216B22}|v11
260 1_ |a1992
300 __ |a
681 __ |a855|b8857|v增訂七版
700 _1 |a葉|b于模|c(文學)|4著
702 __ |a|b|4
801 _0 |acw|b中圖|c19930114
801 _1 |acw|b中圖|c19930114
801 _2 |acw|b中圖|c19930714
801 _2 |atw|b元智|c20030624
|